00656nam a2200193Ia 4500008004100000020000700041082001500048100004200063245005400105250000700159260005200166300002300218500000700241600002100248650005000269942000700319952012100326999001500447240925s9999 xx 000 0 und d aNA a006.66 LAB aUIT Computer Systems Eng. Department 0aComputer Graphics Programming: laboratory manual  aNA aKarachi:bUsman Institute of Technologyc,2002. a26p.bNAfOriginal aNA aComputer Science aComputer science, information & general works cBK 001040708CSaUITUbUITUd2002-05-14eKhursheedul Harnal0o006.66 LABpQ4347r2024-09-25 07:13:28w2024-09-25yBK c6846d6846